Detalles MARC
| 000 -LIDER |
| fixed length control field |
01076nam a2200313 i 4500 |
| 001 - NÚMERO DE CONTROL |
| Identificador de número de control |
000002238 |
| 003 - IDENTIFICACDOR DE NÚMERO DE CONTROL |
| control field |
DO-SdBPM |
| 005 - DATE AND TIME OF LATEST TRANSACTION |
| control field |
20250623101147.0 |
| 007 - CAMPOS FIJOS DE DESCRIPCIÓN FÍSICA |
| fixed length control field |
ta |
| 008 - ELEMENTOS DE LONGITUD FIJA |
| fixed length control field |
090701s1990 dr 000 f spa d |
| 040 ## - FUENTE DE CATALOGACIÓN |
| Agencia que crea de manera original el registro |
DO-SdBPM |
| Idioma de catalogación |
spa |
| Agencia que realiza la transcripción |
BPMSU |
| Convenciones de la despripción |
rda |
| 082 #4 - NÚMERO DE CLASIFICACIÓN DECIMAL DE DEWEY |
| Classification number |
H843.914 |
| Item number |
L637s, 1990 |
| Edition number |
22 |
| 100 1# - ASIENTO PRINCIPAL -- NOMBRE PERSONAL |
| Nombre personal |
Lespes, Anthony, |
| Mención de responsabilidad |
autor |
| 240 14 - TITULO UNIFORME |
| Título uniforme |
Les semences de la colére |
| Idioma de una obra |
Español |
| 245 14 - MENCIÓN DE TITULO |
| Título |
Las semillas de la ira / |
| Mención de responsabilidad |
Anthony Lespes ; traducción y composición, Diógenes Céspedes. |
| 264 ## - PRODUCTION, PUBLICATION, DISTRIBUTION, MANUFACTURE, AND COPYRIGHT NOTICE |
| Place of production, publication, distribution, manufacture |
Santo Domingo : |
| Name of producer, publisher, distributor, manufacturer |
Fundación Cultural Dominicana, |
| Date of production, publication, distribution, manufacture, or copyright notice |
1990. |
| 300 ## - DESCRIPCIÓN FÍSICA |
| Extensión |
137 páginas ; |
| Dimensiones |
21 cm. |
| 336 ## - CONTENT TYPE |
| Source |
rdacontent |
| Content type term |
texto |
| Content type code |
txt |
| 337 ## - MEDIA TYPE |
| Source |
rdamedia |
| Media type term |
sin mediación |
| Media type code |
n |
| 338 ## - CARRIER TYPE |
| Source |
rdacarrier |
| Carrier type term |
volumen |
| Carrier type code |
nc |
| 500 ## - NOTA GENERAL |
| Nota general |
Incluye referencias bibliográficas y notas al pie de las páginas. |
| 590 ## - NOTA LOCAL |
| Texto de la nota local |
Inventariado, 2025/VM |
| 650 #7 - ENCABEZAMIENTO DE MATERIA--TEMÁTICO |
| Término temático o nombre geográfico como elemento de entrada |
Novela haitiana |
| 650 #7 - ENCABEZAMIENTO DE MATERIA--TEMÁTICO |
| Término temático o nombre geográfico como elemento de entrada |
Literatura haitiana |
| 700 1# - ASIENTO SECUNDARIO -- NOMBRE PERSONAL |
| Nombre personal |
Céspedes, Diógenes, |
| Fechas asociadas con el nombre |
1941- |
| Mención de responsabilidad |
traducción y composición |
| 700 z# - ASIENTO SECUNDARIO -- NOMBRE PERSONAL |
| Nombre personal |
Céspedes, D. |
| 910 ## - VALIDACIÓN |
| Validación |
VMateo V. Control de calidad BPMSU |
| 942 ## - ADDED ENTRY ELEMENTS (KOHA) |
| Source of classification or shelving scheme |
Dewey Decimal Classification |
| Koha item type |
Libros |